000 00739nam a2200241 a 4500
001 000036008
003 DO-SdBNP
005 20250416132901.0
007 ta
008 111122q2003 dr a 000 0 spa d
040 _aDO-SdBNP
_bspa
_cBNPHU
082 _222
_axxx
_bT649E
100 1 0 _aTolentino, Marianne de
_915222
245 0 0 _aEligio Pichardo :
_bdrámatio y desafiante /
_cMarianne de Tolentino ; pról. de Juan José Bellapart
260 _aSanto Domingo :
_bMuseo Bellapart,
_c2003
300 _a80 p. :
_bil. ;
_c32 cm.
490 _aMuseo Bellapart
590 _aInventariado, 2022 / DG
700 1 _aBellapart, Juan José
_epról.
_958267
700 1 _aMiller, Jeannette,
_d1944-
_983484
910 _aDG
942 _2ddc
_cLBS1
999 _c52380
_d52380